000
00294nam a22001337a 4500
008
181016b xxu||||| |||| 00| 0 eng d
020
_a
0306433508
041
_a
eng
080
_a
510
100
_a
36
101
_a
SHM
245
_a
Coping with Physical Illness
_c
Moos, R.H
942
_2
udc
_c
BK
999
_c
49861
_d
49861